Statistics for Top 15 Countries with Covid-19 Deaths - 27 October 2021

Click here to take the quiz!

General Stats

  • This quiz has been taken 16 times
  • The average score is 15 of 25

Answer Stats

country% Correct
United States
100%
India
93%
Italy
93%
United Kingdom
93%
Brazil
87%
France
87%
Mexico
87%
Germany
80%
Russia
80%
Iran
73%
Argentina
67%
Colombia
60%
Hungary
60%
Indonesia
53%
Peru
53%
Slovenia
53%
Bulgaria
47%
Bosnia and
Herzegovina
40%
Czechia
40%
Slovakia
40%
South Africa
40%
Paraguay
33%
Romania
33%
Georgia
27%
North Macedonia
27%

Score Distribution

Percentile by Number Answered

Percent of People with Each Score

Your Score History

You have not taken this quiz